| 000 | 00890nam a2200253Ia 4500 | ||
|---|---|---|---|
| 003 | OSt | ||
| 005 | 20220928124319.0 | ||
| 006 | a|||||r|||| 00| 0 | ||
| 007 | ta | ||
| 008 | 220927b |||||||| |||| 00| 0 eng d | ||
| 020 | _c3103.3899999999999 | ||
| 024 | _a125145 | ||
| 037 |
_b135, 01/10/2014, Classic Book Service _cTextual |
||
| 040 |
_aSDCL _cSDCL _beng |
||
| 041 |
_2eng _aeng |
||
| 082 | _aNR2, Q4 | ||
| 100 |
_aGhuman Nalini _9464330 |
||
| 245 | 0 |
_aResonances of the Raj _b India in the english musical imagination,1897-1947 |
|
| 260 |
_aNew York _b Oxford University Press _c2014 |
||
| 300 |
_axv; xv;345p. _ccm. |
||
| 650 | _aHistory | ||
| 942 |
_hNR2, Q4 _cTEXL _2CC |
||
| 999 |
_c777238 _d777238 |
||